02526nam a2200241Ia 4500003000400000005001700004008004100021020001500062040002100077041000800098082002800106100004800134245013300182250002200315260005900337300007700396500007400473504003800547505025900585520134500844650005002189700004502239OSt20210505211107.0210310s2005 ck ad gr 000 0dspa d a9588226465 aCO-JMCRcCO-JMCR0 aspa04a334.209861 /bP123c2231 aPadilla Piraquive, Martha Rocío, eautora10aCrisis del cooperativismo financiero en Colombia, 1996-1998 / cMartha Rocío Padilla Piraquive, Adolfo León Atehortúa Cruz aPrimera edición aBogotá : bUniversidad Pedagógica Nacional, c2005 a151 páginas : bilustraciones y gráficos a blanco y negro ; c21 cm. aIncluye notas a pie de página y datos biográficos de los autores. aBibliografía: páginas 145-1510 aEl sistema financiero y el sector cooperativo financiero en Colombia, 1982-1999 -- Análisis de coyuntura: de la apertura de la crisis -- El sector financiero en dificultades -- Las instituciones afectadas -- Políticas estatales y dinámicas internas3 aA finales del siglo pasado, el cooperativismo financiero colombiano sufrió una de sus mas grandes crisis. Los grandes medios de comunicación -y con ellos, la opinión pública- señalaron a los administradores y gerentes del cooperativismo financiero como responsables. Pero, por encima de los actores individuales, nuestro estudio ha partido de una premisa clásica en las ciencias sociales, que Joseph Stiglitz retoma para la interpretación de la crisis económica norteamericana al término de los noventa: dudar que "problemas de semejante magnitud puedan ser meros accidentes atribuibles a individuos aberrantes". Se trata en realidad, de "fallos sistemáticos". Producto de una importante y detallada investigación bibliográfica, de prensa y archivos, el presente texto se ha propuesto esclarecer las situaciones vividas por el sector cooperativo financiero durante la última década del siglo XX: analizar las causas que estremecieron su desarrollo y lo condujeron al colapso: observar la incidencia de fenómenos como la apertura económica, las medidas gubernamentales a lo largo de la crisis, la recesión mundial, latinoamericana y nacional; así como determinar la responsabilidad de las instituciones encargadas de la vigilancia en el sector y el pape mismo de las cooperativas en su dinámica interna.14aCooperativismoxHistoriay1996-1998zColombia1 aAtehortúa Cruz, Adolfo León, eautor